| 000 | 00388nam a2200133 a 4500 | ||
|---|---|---|---|
| 008 | 961120s1971||||xx 0 und c | ||
| 040 |
_aSNK _bslo _cSNK _eAACR2 |
||
| 100 | 1 | _aPkatáková, Marta | |
| 245 | 1 | 0 | _aDiktáty a pravopisné cvičenia pre 6.-9. ročník ZDŠ |
| 260 |
_aBratislava _bSlovenské pedagogické nakladteľstvo _c1971 |
||
| 020 | _c17 | ||
| 041 | _aslo | ||
| 044 |
_axo _cSK |
||
| 999 |
_c19817 _d19817 |
||